<?xml version="1.0" encoding="UTF-8"?>
<collection xmlns="http://www.loc.gov/MARC21/slim">
 <record>
  <leader>00504pamaa2200169   4500</leader>
  <controlfield tag="001">0000042015</controlfield>
  <controlfield tag="005">20070529090000.0</controlfield>
  <controlfield tag="008">070529                             eng  </controlfield>
  <datafield tag="020" ind1="0" ind2="0">
   <subfield code="a">184451448x (pbk.) </subfield>
  </datafield>
  <datafield tag="090" ind1="0" ind2="0">
   <subfield code="a">PN6175 </subfield>
   <subfield code="b">SUT 2006</subfield>
  </datafield>
  <datafield tag="100" ind1="1" ind2="0">
   <subfield code="a">SUTHERLAND </subfield>
  </datafield>
  <datafield tag="245" ind1="1" ind2="0">
   <subfield code="a">Ultimate joke book  </subfield>
   <subfield code="c">Jon Sutherland; </subfield>
   <subfield code="f">with Diane Canwell.</subfield>
  </datafield>
  <datafield tag="260" ind1="0" ind2="0">
   <subfield code="a">London: </subfield>
   <subfield code="b">Star Fire, </subfield>
   <subfield code="c">2006.</subfield>
  </datafield>
  <datafield tag="300" ind1=" " ind2=" ">
   <subfield code="a">256p: </subfield>
   <subfield code="b">ill.; </subfield>
   <subfield code="c">23 cm.</subfield>
  </datafield>
  <datafield tag="650" ind1="0" ind2="0">
   <subfield code="a">Britain wit and humor </subfield>
  </datafield>
  <datafield tag="700" ind1="1" ind2="1">
   <subfield code="a">Canwell, </subfield>
   <subfield code="h">Diane </subfield>
  </datafield>
  <datafield tag="901" ind1=" " ind2=" ">
   <subfield code="u">http://www.star-fire.co.uk</subfield>
  </datafield>
 </record>
</collection>
